| Tag |
First Indicator |
Second Indicator |
Subfields |
| LEADER |
00000cam a2200000 a 4500 |
| 001 |
in00000032432 |
| 005 |
20151007060527.0 |
| 008 |
871028s1987 enka b 00110 eng d |
| 010 |
|
|
|a gb 87013729
|
| 015 |
|
|
|a GB87-13729
|
| 020 |
|
|
|a 0460046845 :
|c £16.95 : CIP confirmed
|
| 035 |
|
|
|a (OCoLC)15550967
|
| 035 |
|
|
|9 AAC1055AM
|
| 040 |
|
|
|a UKM
|c UKM
|d TXA
|d UtOrBLW
|
| 049 |
|
|
|a TXAM
|c [A11691780]
|
| 050 |
1 |
0 |
|a PE1075
|
| 050 |
|
4 |
|a PE1075
|b .L33 1987
|
| 082 |
0 |
|
|a 420/.9
|2 19
|
| 100 |
1 |
|
|a Lass, Roger.
|
| 245 |
1 |
4 |
|a The shape of English :
|b structure and history /
|c Roger Lass.
|
| 264 |
|
1 |
|a London :
|b Dent,
|c 1987.
|
| 300 |
|
|
|a xxiv, 384 pages :
|b illustrations ;
|c 24 cm.
|
| 336 |
|
|
|a text
|b txt
|2 rdacontent
|
| 337 |
|
|
|a unmediated
|b n
|2 rdamedia
|
| 338 |
|
|
|a volume
|b nc
|2 rdacarrier
|
| 504 |
|
|
|a Includes bibliography and index.
|
| 650 |
|
0 |
|a English language
|x History.
|
| 653 |
|
|
|a English language, to 1986
|
| 999 |
|
|
|a MARS
|
| 999 |
f |
f |
|s 13100c03-e58c-3a9b-9fe2-1a5ec1d07ecd
|i 93a199a6-dc10-32b0-a64d-eeaa6dfbad7f
|t 0
|
| 952 |
f |
f |
|p normal
|a Texas A&M University
|b College Station
|c Sterling C. Evans Library
|d Evans: Library Stacks
|t 0
|e PE1075 .L33 1987
|h Library of Congress classification
|i unmediated -- volume
|m A14851321647
|
| 998 |
f |
f |
|a PE1075 .L33 1987
|t 0
|l Evans: Library Stacks
|